| 000 | 00521nam a22001817a 4500 | ||
|---|---|---|---|
| 003 | CEME | ||
| 005 | 20210628210707.0 | ||
| 008 | 210211b xxu||||| |||| 00| 0 eng d | ||
| 020 | _a0-7821-2372-4 | ||
| 040 | _c. | ||
| 082 | _a005.3 LIT | ||
| 100 |
_aGilbert, Mike Getz, Ken Litwin, Paul _980584 |
||
| 245 | _aAccess 2000 developer's handbook volume:2 enterprise edition | ||
| 260 |
_aSAN FRANCISCO _bSYBEX _c2000 |
||
| 300 | _a1093P | ||
| 650 |
_aMICROSOFT ACCESS 2000-DEVELOPERS HANDBOOK _980585 |
||
| 942 |
_cBK _2ddc |
||
| 999 |
_c585487 _d585487 |
||